00640nam a2200181Ia 4500003000400000005001700004008004100021040000900062082002000071100004000091245006600131260003700197300000800234650002000242942004600262952013300308999001700441OSt20201201151259.0190216s9999||||xx |||||||||||||| ||und|| coclc a894.8123bPIL/J aPillai, Thakazhi Shivashankara9418 0aJeevitham Sundaramanu Pakshe /cThakazhi Shivashankara Pillai bPoorna Pubs,c1996.a Kozhikode: a72p aMalayalam Novel cBK2ddch894.8123iPIL/Jk894.8123mPIL/J 00102ddc40708FICaMESbMEScMALd2019-02-20g24.00l0o894.8123 PIL/Jp21943r2019-02-20 00:00:00t2w2019-02-20yBKzGR27R3 c27773d27773